[Event "Ho Chi Minh Royal op 10th"]
[Site "Ho Chi Minh City"]
[Date "2022.08.02"]
[Round "2"]
[White "Vo, Tan Chinh"]
[Black "Tran, Minh Hieu"]
[Result "0-1"]
[WhiteElo "1937"]
[BlackElo "1178"]
[PlyCount "106"]
[EventDate "2022.08.01"]
[EventType "swiss"]
[EventRounds "7"]
[EventCountry "VIE"]
[SourceTitle "EXT 2024"]
[Source "ChessBase"]
[SourceDate "2023.10.10"]
[SourceVersion "1"]
[SourceVersionDate "2023.10.10"]
[SourceQuality "1"]

1. e4 d5 2. e5 e6 3. d4 c5 4. c3 Nc6 5. Nf3 Qb6 6. Bd3 Bd7 7. Bc2 cxd4 8. cxd4 Nb4 9. 0-0 Nxc2 10. Qxc2 Ne7 11. Nc3 Nc6 12. Na4 Nxd4 13. Nxb6 Nxc2 14. Nxa8 Nxa1 15. Bg5 Be7 16. Nc7+ Kd8 17. Nxe6+ fxe6 18. Bxe7+ Kxe7 19. Rxa1 Rc8 20. Nd4 Rc4 21. Rd1 a5 22. f4 g6 23. g3 a4 24. Kf2 b5 25. Rd2 b4 26. Nc2 Kd8 27. Ne3 Rc7 28. Ng4 Bb5 29. Nf6 Kc8 30. h4 b3 31. axb3 axb3 32. Ke3 Rc1 33. Nxh7 Re1+ 34. Kd4 Kc7 35. Ng5 Bd7 36. Nf7 Bb5 37. Kc3 Re3+ 38. Kb4 Kb6 39. Nd8 Bd7 40. Nf7 Rxg3 41. Nd6 Rg4 42. Rd4 Rxh4 43. Kxb3 Rh3+ 44. Kb4 Rh4 45. Nc4+ Kc7 46. Ne3 g5 47. Nf5 exf5 48. Rxd5 Rxf4+ 49. Kc5 Re4 50. b4 Bc6 51. Rd2 Rxe5+ 52. Kc4 g4 53. Rf2 g3 0-1

[Event "Sachsen-Anhalt Landesliga-B 1920"]
[Site "Sachsen Anhalt"]
[Date "2020.03.01"]
[Round "7.8"]
[White "Tran, Minh Hieu"]
[Black "Donath, Simon"]
[Result "1/2-1/2"]
[WhiteElo "1472"]
[BlackElo "1292"]
[PlyCount "37"]
[EventDate "2019.09.29"]
[EventType "team-tourn"]
[EventRounds "9"]
[EventCountry "GER"]
[SourceTitle "EXT 2023"]
[Source "ChessBase"]
[SourceDate "2022.10.05"]
[SourceVersion "1"]
[SourceVersionDate "2022.10.05"]
[SourceQuality "1"]
[WhiteTeam "Hettstedt"]
[BlackTeam "Merseburg II"]
[WhiteTeamCountry "GER"]
[BlackTeamCountry "GER"]

1. e4 d5 2. exd5 Nf6 3. d4 Nxd5 4. Nf3 Bf5 5. Bd2 e6 6. a3 Be7 7. Be2 0-0 8. 0-0 Nc6 9. Be3 Nxe3 10. fxe3 h6 11. Nc3 a6 12. Bd3 Bxd3 13. Qxd3 Re8 14. Rad1 Bf6 15. Rfe1 Qd6 16. Ne4 Qe7 17. Kh1 Kh8 18. Rf1 Kg8 19. Kg1 1/2-1/2

[Event "GER-ch U10"]
[Site "Willingen"]
[Date "2017.06.09"]
[Round "9"]
[White "Bock, Marlon"]
[Black "Tran, Minh Hieu"]
[Result "1-0"]
[WhiteElo "1148"]
[BlackElo "1315"]
[PlyCount "89"]
[EventDate "2017.06.04"]
[EventType "swiss"]
[EventRounds "11"]
[EventCountry "GER"]
[SourceTitle "CBM 178 Extra"]
[Source "ChessBase"]
[SourceDate "2017.06.22"]
[SourceVersion "1"]
[SourceVersionDate "2017.06.22"]
[SourceQuality "1"]

1. d4 c5 2. e3 cxd4 3. exd4 d5 4. Nf3 Nc6 5. Bd3 g6 6. Bf4 Bg7 7. 0-0 Nxd4 8. Nbd2 Nxf3+ 9. Nxf3 Bg4 10. Rb1 a6 11. h3 Bxf3 12. Qxf3 e6 13. Rfe1 Qf6 14. c3 Ne7 15. Re2 Nc6 16. Qg3 0-0 17. Bg5 Qe5 18. Rxe5 Nxe5 19. Re1 Nc6 20. Qf4 f6 21. Bh6 g5 22. Qe3 Bxh6 23. Qxe6+ Kh8 24. Qxd5 Rad8 25. Qe4 f5 26. Qf3 Bg7 27. Bxa6 g4 28. hxg4 fxg4 29. Qe4 Ne5 30. Bb5 b6 31. f4 Ng6 32. g3 Kg8 33. Qe6+ Kh8 34. Qxg4 Rd6 35. Rf1 Rdf6 36. Rf2 Ne5 37. Qe2 Ng6 38. Rh2 Rd8 39. Bc4 Rfd6 40. Bb3 R8d7 41. f5 Nf8 42. g4 Rh6 43. Rxh6 Bxh6 44. Qe5+ Bg7 45. f6 1-0

[Event "GER-ch U10"]
[Site "Willingen"]
[Date "2017.06.04"]
[Round "2"]
[White "Friedhoff, Mirco"]
[Black "Tran, Minh Hieu"]
[Result "1/2-1/2"]
[WhiteElo "1095"]
[BlackElo "1315"]
[PlyCount "73"]
[EventDate "2017.06.04"]
[EventType "swiss"]
[EventRounds "11"]
[EventCountry "GER"]
[SourceTitle "CBM 178 Extra"]
[Source "ChessBase"]
[SourceDate "2017.06.22"]
[SourceVersion "1"]
[SourceVersionDate "2017.06.22"]
[SourceQuality "1"]

1. e4 e5 2. Nf3 Nc6 3. Nc3 Bc5 4. Nxe5 Nxe5 5. d4 Bd6 6. dxe5 Bxe5 7. Bc4 c6 8. Qh5 Qe7 9. Bg5 Bf6 10. Bxf6 Nxf6 11. Qe2 d6 12. 0-0 0-0 13. h3 Re8 14. Bd3 d5 15. Rfe1 dxe4 16. Nxe4 Nxe4 17. Bxe4 Bf5 18. f3 Bxe4 19. Qxe4 Qxe4 20. Rxe4 f6 21. Rae1 Kf7 22. Rxe8 Rxe8 23. Rxe8 Kxe8 24. Kf2 Ke7 25. Ke3 g5 26. f4 h5 27. fxg5 fxg5 28. Ke4 Ke6 29. g3 b5 30. b4 a6 31. a3 Kf6 32. g4 hxg4 33. hxg4 Ke6 34. c3 Kf6 35. Kf3 Ke5 36. Ke3 Kd5 37. Kd3 1/2-1/2

[Event "GER-ch U10"]
[Site "Willingen"]
[Date "2017.06.04"]
[Round "1"]
[White "Tran, Minh Hieu"]
[Black "Deuer, Marius"]
[Result "0-1"]
[WhiteElo "1315"]
[BlackElo "1601"]
[PlyCount "58"]
[EventDate "2017.06.04"]
[EventType "swiss"]
[EventRounds "11"]
[EventCountry "GER"]
[SourceTitle "CBM 178 Extra"]
[Source "ChessBase"]
[SourceDate "2017.06.22"]
[SourceVersion "1"]
[SourceVersionDate "2017.06.22"]
[SourceQuality "1"]

1. e4 c5 2. Nf3 Nc6 3. c3 Nf6 4. d3 d6 5. h3 g6 6. Be3 Bg7 7. Be2 0-0 8. Nbd2 e6 9. Bg5 Qc7 10. Bxf6 Bxf6 11. Nf1 d5 12. Ng3 Bd7 13. Qd2 Ne5 14. Qe3 d4 15. cxd4 Nxf3+ 16. Bxf3 Bxd4 17. Qd2 a5 18. 0-0 Qxg3 19. b3 Qc7 20. Rac1 a4 21. b4 b6 22. bxc5 bxc5 23. Qb4 Bc6 24. Qc4 a3 25. Bd1 Rab8 26. Qc2 Rb2 27. Qc4 Qb6 28. Ba4 Rb4 29. Rb1 Rxb1 0-1

[Event "GER-chT U10"]
[Site "Magdeburg"]
[Date "2016.12.27"]
[Round "1.1"]
[White "Costa, Leonardo"]
[Black "Tran, Minh Hieu"]
[Result "1-0"]
[WhiteElo "1599"]
[BlackElo "1170"]
[PlyCount "75"]
[EventDate "2016.12.27"]
[EventType "team-swiss"]
[EventRounds "7"]
[EventCountry "GER"]
[SourceTitle "EXT 2018"]
[Source "ChessBase"]
[SourceDate "2017.10.13"]
[SourceVersion "1"]
[SourceVersionDate "2017.10.13"]
[SourceQuality "1"]
[WhiteTeam "Muenchen Suedost"]
[BlackTeam "Hettstedt"]
[WhiteTeamCountry "GER"]
[BlackTeamCountry "GER"]

1. e4 e5 2. Nf3 Nc6 3. Bc4 Bc5 4. c3 Qe7 5. d3 h6 6. 0-0 Nf6 7. Nbd2 0-0 8. h3 d6 9. Re1 Nh5 10. Nf1 Qf6 11. b4 Bb6 12. a4 a5 13. b5 Ne7 14. Be3 Bd7 15. Bxb6 cxb6 16. N3h2 Qg6 17. Kh1 Nf4 18. Qf3 Qg5 19. Qg3 Neg6 20. Qxg5 hxg5 21. Nf3 g4 22. hxg4 Bxg4 23. Ng1 Be6 24. Bxe6 fxe6 25. Red1 d5 26. g3 Nh5 27. Kg2 dxe4 28. dxe4 Rac8 29. Rac1 Rc4 30. Rd7 Rxe4 31. Rxb7 Rxa4 32. Rxb6 Rf6 33. c4 Ra2 34. Nh3 Kf7 35. c5 Ke7 36. Rb7+ Kd8 37. c6 Ne7 38. c7+ 1-0